00461nam a2200181Ia 450000500170000000800410001704000190005804100120007708200130008910000190010224500370012126000310015830000170018963000260020665000190023265100180025185000100026920230713095315.0131103s9999 xx 000 0 und d aLoreto College aEnglish a920bBOW aBowles,Cynthia aAt Home in IndiacCynthia Bowles aNew YorkbHarcourtcc 1956 aviii,180 p.  aIndia - Autobiography aBowles,Cynthia aAutobiography aLCLIB